=LDR 00000nam 2200000 4500 =001 INLIS000000000028496 =005 20200326093426 =035 ##$$a 0010-061300000028496 =008 200326################g##########0#ind## =041 ##$$a Ind =082 ##$$a 297.42 =090 ##$$a 297.42, Sya s =100 1#$$a Syadi, Khalid Abu =245 1#$$a Semilir angin surga /$c Dr. Khalid Abu Syadi =260 ##$$a Jakarta :$b Senayan Abadi Publishing,$c 2006 =300 ##$$a xxi, 264 hlm, : $b Ilus. ; $c 14 x 20 cm =650 #4$$a Mu'amalat =850 ##$$a NBPNMAT =020 ##$$a 979-3471-68-9 =084 ##$$a 297.42 SYA s =250 ##$$a cet.1 =990 ##$$a 3070890 =990 ##$$a 30708891 =990 ##$$a 30708889